000 00332nam a2200133Ia 4500
005 20251222155137.0
008 251222s9999||||xx |||||||||||||| ||spa||
082 _aEMI. 05.1
100 _aBETHEA, Doris
245 0 _aManual de Enfermería Materno Infantil Vol. 1
250 _a3ra. ed.
264 _bInteramericana
942 _cLIB
999 _c39033
_d39033